|
|
|
|
| LEADER |
00000naa2a2200000 4500 |
| 001 |
400462 |
| 005 |
20231101065408.0 |
| 035 |
|
|
|a (RuTPU)RU\TPU\prd\42813
|
| 035 |
|
|
|a RU\TPU\prd\42812
|
| 090 |
|
|
|a 400462
|
| 100 |
|
|
|a 20060417a2004 k y0rusy50 ca
|
| 101 |
0 |
|
|a rus
|
| 102 |
|
|
|a RU
|
| 200 |
1 |
|
|a О сотрудничестве МЦНТИ с Международной сетью научной и технической информации STN International
|f Л. И. Молотков
|
| 225 |
1 |
|
|a Десятая юбилейная Международная конференция "КРЫМ-2003"
|i День российско-германского сотрудничества в области научно-технической информации и документации
|
| 461 |
|
0 |
|0 (RuTPU)RU\TPU\prd\1594
|x 0130-9765
|t Научные и технические библиотеки
|o ежемесячный сборник по вопросам теории и практики библиотечного дела
|f Государственная публичная научно-техническая библиотека России
|d 1994-
|
| 463 |
|
0 |
|0 (RuTPU)RU\TPU\prd\23231
|t № 1
|v С. 113-117
|d 2004
|
| 610 |
1 |
|
|a международный центр научной и технической информации
|
| 610 |
1 |
|
|a МЦНТИ
|
| 610 |
1 |
|
|a сотрудничество
|
| 610 |
1 |
|
|a Международная сеть научной и технической информации
|
| 700 |
|
1 |
|a Молотков
|b Л. И.
|
| 801 |
|
1 |
|a RU
|b 63413507
|c 20050311
|g PSBO
|
| 801 |
|
2 |
|a RU
|b 63413507
|c 20060417
|g PSBO
|
| 942 |
|
|
|c BK
|